Normal view MARC view
  • Namiki, Mikio,

Entry Personal Name

Number of records used in: 1

001 - CONTROL NUMBER

  • control field: 103827

003 - CONTROL NUMBER IDENTIFIER

  • control field: NUST

005 - DATE AND TIME OF LATEST TRANSACTION

  • control field: 20221130134400.0

008 - FIXED-LENGTH DATA ELEMENTS

  • fixed length control field: 221130|| aca||aabn | a|a d

040 ## - CATALOGING SOURCE

  • Original cataloging agency: NUST
  • Transcribing agency: NUST

100 ## - HEADING--PERSONAL NAME

  • Personal name: Namiki, Mikio,
  • Dates associated with a name: 1925-

670 ## - SOURCE DATA FOUND

  • Source citation: Work cat.: (NUST)180765: Quantum physics, chaos theory, and cosmology / , c1996.
© 2023 Central Library, National University of Sciences and Technology. All Rights Reserved.